|
|
|
|
| LEADER |
00000nab a2200000 a 4500 |
| 001 |
vtls000831884 |
| 003 |
SK-MaSNL |
| 005 |
20260304121913.0 |
| 008 |
250429c2000 xo 0 slo |
| 015 |
|
|
|a SNBRA2003/04-12014
|
| 035 |
|
|
|a CLN000183539
|
| 035 |
|
|
|a urn:nbn:sk:snk-ab9vnt
|
| 035 |
|
|
|a (urnnbn)urn:nbn:sk:snk:ar-a090wl
|
| 035 |
|
|
|a (uuid)76d31102-53d5-4188-8fa3-9fa126ab5d5a
|
| 040 |
|
|
|a SNKBUCL
|b slo
|c SNKBUCL
|e AACR2
|
| 041 |
0 |
|
|a slo
|
| 044 |
|
|
|a xo
|c SK
|
| 080 |
|
|
|a 930.1-051
|2 1997
|
| 080 |
|
|
|a 929 Hronský, Marián
|2 1997
|
| 100 |
1 |
|
|a Podrimavský, Milan,
|d 1943-2011
|4 aut
|9 102858
|
| 245 |
1 |
0 |
|a K šesťdesiatinám historika PhDr. Mariána Hronského, CSc.
|c Milan Podrimavský
|
| 300 |
|
|
|b Fotogr.
|
| 600 |
1 |
7 |
|a Hronský, Marián,
|d 1940-2012
|2 snkbucl
|9 13734
|
| 655 |
|
7 |
|a články zo zborníkov
|2 snkbucl
|9 166140
|
| 773 |
0 |
|
|t Historický zborník 10
|d Martin : Matica slovenská, 2000
|g S. 222-224
|z 8070905921
|
| 850 |
|
|
|a Slovenská národná knižnica
|
| 852 |
|
|
|a Slovenská národná knižnica
|
| 954 |
|
|
|a odborná, vedecká literatúra pôvodná (slovenská)
|2 lita
|
| 958 |
|
|
|a article13
|
| 958 |
|
|
|a OND
|
| 958 |
|
|
|a BX
|
| 958 |
|
|
|a SK
|
| 958 |
|
|
|a EUIPO
|
| 992 |
|
|
|a RZB
|
| 999 |
|
|
|c 2887696
|d 2889626
|